000 00287nam a2200121Ia 4500
008 220120s9999||||xx |||||||||||||| ||und||
082 _a423 CRY
100 _aCrystal, David
_92821
245 0 _aCambridge paperback encyclopedia
260 _c2002
300 _b0
650 _aELECTRONICS
999 _c136865
_d136865